000 00747nam a2200253Ia 4500
003 GCL
008 140319s9999 xx 000 0 ara d
040 _aGCL /
_cGCL
082 0 4 _aق
_b320.962
_bط ن
100 1 _aطارق حجى
245 1 0 _aنظرات فى الواقع المصرى /
_cطارق حجى
260 _a[S.N] :
_bالدار المصرية اللبنانية ،
_c1995
300 _a516 ص
490 _a
650 0 4 _aالاقتصاد
650 0 4 _aالتعليم
650 0 4 _aالثقافة
650 0 4 _aالسياسة فى مصر
650 0 4 _aالتنوير
650 0 4 _aالمستقبل
650 0 4 _aالطبقة الوسطى
650 0 4 _aمصر - الاحوال الاقتصادية
942 _2ddc
_cBK
999 _c37320
_d37320